Délmagyarország lakosságának mesterséges eredetű sugárterhelése

Elmentve itt :
Bibliográfiai részletek
Szerző: Milassin Tamás
További közreműködők: Szalay László (Témavezető)
Dokumentumtípus: Disszertáció
Megjelent: 1985
Kulcsszavak:Orvostudomány
Tárgyszavak:
Online Access:http://doktori.ek.szte.hu/7041
LEADER 00717nta a2200205 i 4500
001 dokt7041
005 20220630120840.0
008 220630s1985 hu om 0|| hun d
040 |a SZTE Doktori Repozitórium  |b hun 
041 |a hun 
100 1 |a Milassin Tamás 
245 1 0 |a Délmagyarország lakosságának mesterséges eredetű sugárterhelése  |h [elektronikus dokumentum] /  |c  Milassin Tamás 
260 |c 1985 
502 |a Disszertacio 
650 4 |a klinikai orvostudományok 
650 4 |a Orvos- és egészségtudomány 
650 4 |a Klinikai orvostan 
695 |a Orvostudomány 
700 1 |a Szalay László  |e ths 
856 4 0 |u https://doktori.bibl.u-szeged.hu/id/eprint/7041/1/1985_milassin_tamas.pdf  |z Dokumentum-elérés